Statistiken für Beste Bundesliga Torschützen Eintracht Frankfurt

Klicken Sie hier um das Quiz zu spielen!

Allgemein

  • Dieses Quiz wurde 351 mal gespielt
    (21 seit der letzten Aktualisierung)
  • Das Durchschnittsergebnis liegt bei 26 aus 62

Antwortstatistiken

SaisonNationalitätToreSpieler% Korrekt
2005/06Deutschland7Alexander Meier
95%
2015/16Deutschland12Alexander Meier
95%
2009/10Deutschland10Alexander Meier
95%
2012/13Deutschland16Alexander Meier
95%
2014/15Deutschland19Alexander Meier
95%
2018/19Serbien17Luka Jović
90%
2020/21Portugal28André Silva
86%
2019/20Portugal12André Silva
86%
2010/11Griechenland16Theofanis Gekas
86%
2023/24Ägypten12Omar Marmoush
81%
2022/23Frankreich15Randal Kolo Muani
81%
2016/17Mexiko7Marco Fabián
76%
2017/18Elfenbeinküste9Sébastien Haller
76%
1979/80Südkorea12Bum-kun Cha
71%
1981/82Südkorea11Bum-kun Cha
71%
1982/83Südkorea15Bum-kun Cha
71%
1992/93Ghana20Tony Yeboah
67%
1993/94Ghana18Tony Yeboah
67%
1991/92Ghana15Tony Yeboah
67%
1994/95Ghana7Tony Yeboah
67%
1976/77Deutschland26Bernd Hölzenbein
62%
1977/78Deutschland15Bernd Hölzenbein
62%
1978/79Deutschland8Bernd Hölzenbein
62%
1975/76Deutschland16Bernd Hölzenbein
62%
1980/81Deutschland11Bernd Hölzenbein
62%
1974/75Deutschland16Bernd Hölzenbein
62%
1973/74Deutschland12Bernd Hölzenbein
62%
1972/73Deutschland13Bernd Hölzenbein
62%
2021/22Kolumbien8Rafael Borré
62%
1994/95Nigeria7Jay Jay Okocha
57%
2007/08Griechenland11Ioannis Amanatidis
48%
1968/69Deutschland8Jürgen Grabowski
48%
2013/14Spanien9Joselu
38%
1968/69Deutschland8Bernd Nickel
24%
1971/72Deutschland13Bernd Nickel
24%
1970/71Deutschland13Bernd Nickel
24%
1989/90Norwegen18Jørn Andersen
24%
1987/88Ungarn11Lajos Détári
24%
2006/07Japan11Naohiro Takahara
24%
1990/91Deutschland16Andreas Möller
14%
2003/04Albanien8Ervin Skela
14%
1999/00Togo8Bachirou Salou
10%
1998/99China8Chen Yang
10%
2008/09Griechenland9Nikos Liberopoulos
10%
1981/82Deutschland11Norbert Nachtweih
5%
1978/79Deutschland8Werner Lorant
5%
1963/64Österreich18Willi Huberts
5%
1965/66Österreich17Willi Huberts
5%
1964/65Österreich9Willi Huberts
5%
1966/67Deutschland12Wolfgang Solz
5%
1964/65Deutschland9Wolfgang Solz
5%
1984/85Deutschland10Harald Krämer
0%
1969/70Deutschland12Horst Heese
0%
1983/84Schweden8Jan Svensson
0%
1986/87Polen7Janusz Turowski
0%
1988/89Polen7Janusz Turowski
0%
1985/86Deutschland7Klaus Theiss
0%
1995/96Deutschland10Matthias Hagner
0%
2000/01Polen7Paweł Kryszałowicz
0%
1983/84Deutschland8Ralf Falkenmayer
0%
1966/67Deutschland12Siegfried Bronnert
0%
1967/68Deutschland12Walter Bechtold
0%

Verteilung der Resultate

Perzentil nach korrekt beantworteten Fragen

Anzahl Personen mit jedem Resultat

Ihre Resultats-Entwicklung

Sie haben dieses Quiz seit der letzten Aktualisierung nicht gespielt